| 000 | 00796nam a2200229 a 4500 | ||
|---|---|---|---|
| 005 | 20210223124608.0 | ||
| 008 | 020417s1995 mx r 000 0 spa d | ||
| 020 | _a8448117719 | ||
| 035 | _aUPN01000116912 | ||
| 049 | _aCG | ||
| 050 | 4 |
_aHF5718.22 _bA7.38 |
|
| 100 | 1 | _aArredondo, Lani | |
| 245 | 1 | 0 |
_aCurso McGraw-Hill de presentaciones de negocios en 36 horas / _cLani Arredondo ; tr. Francisco Ortis Chaparro. |
| 260 |
_aMadrid, Esp. : _bMcGraw-Hill, _c1995. |
||
| 300 | _a331 p. | ||
| 440 | 0 | _aSerie McGraw-Hill de management | |
| 534 |
_pTraducción de: the McGraw-Hill 36 hours course business... _tThe McGraw-Hill 36 hours course business... |
||
| 650 | 4 |
_aNEGOCIOS - _xPRESENTACION |
|
| 650 | 4 |
_aEJECUTIVOS - _xCAPACITACION _919508 |
|
| 650 | 4 |
_aEJECUTIVOS _913758 |
|
| 905 | _aLibro | ||
| 999 |
_c89554 _d89554 |
||